[Event "Corus"]
[Site "Wijk aan Zee"]
[Date "2001.01.18"]
[Round "5"]
[White "Kasparov, Garry"]
[Black "Kramnik, Vladimir"]
[Result "1/2-1/2"]
[WhiteElo "2849"]
[BlackElo "2772"]
[Annotator "Wedberg,T"]
[PlyCount "92"]
[EventDate "2001.01.13"]
[EventType "tourn"]
[EventRounds "13"]
[EventCountry "NED"]
[EventCategory "19"]
[SourceTitle "CBM 081"]
[Source "ChessBase"]
[SourceDate "2001.03.20"]
[SourceVersion "1"]
[SourceVersionDate "2001.03.20"]
[SourceQuality "1"]

1. e4 e5 2. Nf3 Nc6 3. Bb5 Nf6 4. O-O Nxe4 5. d4 Nd6 6. Bxc6 dxc6 7. dxe5 Nf5
8. Qxd8+ Kxd8 9. Nc3 Ke8 10. h3 Be7 {Highly unusual. Normally Black avoids
exchanging the black squared Bs. Here he invites it whole-heartedly.} 11. Bg5 {
The thematic response.} (11. Bf4 Be6 12. g4 Nh4 13. Nxh4 Bxh4 14. Kg2 Be7 15.
a3 Rd8 16. Rad1 h5 $11 {1/2-1/2 Jenni,F-Mantovani,R/SUI 1999/EXT 2001 (76)})
11... Bxg5 $146 {[%mdl 8] Kramniks idea is to put the K on e7, connecting the
Rs and then to contain the white P majority along the diagonal e6-f5-g4.} (
11... Bb4 {cat and mouse} 12. Ne4 Be6 13. c3 Bf8 14. g4 Ne7 15. Nd4 Bd5 16. Nd2
c5 17. Nb5 Kd7 18. Bf4 Kc6 $13 {0-1 Van den Doel,E-Miles,A/Groningen 1997/CBM
62 ext (29)}) 12. Nxg5 h6 13. Nge4 b6 14. Rfd1 (14. Rad1 Ba6 15. Rfe1 Ke7 {
with an OK position for Black.}) 14... Ne7 (14... Ba6 15. a4 {is a bit
unpleasant for Black.}) 15. f4 Ng6 16. Rf1 h5 17. Rae1 Bf5 18. Ng3 Ne7 $1 {
Cautious play.} (18... Bxc2 $6 {allows White to expand} 19. f5 Nf8 20. Rf2 Bd3
21. Rd2 Ba6 22. e6 $5 {prevents Rd8 and allows White to develop his attack.} h4
(22... fxe6 23. fxe6 $40 {[%cal Yg3f5]}) (22... f6 23. h4) 23. Nge2 {[%cal
Ye2f4,Ye2d4]} Bxe2 (23... Rh6 24. Nd4 Bb7 25. Ne4 $36) (23... fxe6 24. fxe6 Rd8
25. Rxd8+ Kxd8 26. Nd4 $16) 24. exf7+ Kxf7 25. Rdxe2 $14 {[%cal Ye2e7,Ye7c7,
Ye7f7]}) 19. Nxf5 Nxf5 20. Kf2 Nd4 21. Rc1 (21. Rd1 $5 Rd8 (21... Nxc2 22. Rd2
Nb4 23. Rfd1 $36) 22. Rd2 {is Kasparovs suggestion for an improvement in his
express commentary at www.kasparovchess.com.}) 21... Rd8 22. Rfd1 Ke7 23. Ne4 (
23. g3 $5) 23... h4 $1 24. b4 Rh5 $2 {Threatening Rf5.} (24... Nf5 $142) 25.
Ng5 {Not the best.} (25. g4 $1 {Both players seem to have missed this rather
simple combination - so strong was their delusion that g4 was unplayable that
they reportedly missed it in the post mortem as well. It wasn´t missed on ICC
though. The waves of discussion went high when 25.Ng5 came up on the screens.
"Kasparov missed a win in one" was the typical reaction.} Rhh8 (25... hxg3+ $2
26. Nxg3 Rxh3 27. Rxd4 Rxd4 28. Nf5+ $18) 26. f5 {With a tremendous position
for White. No doubt Kasparov would have won this and shaken a few ghosts from
his shoulders at the same time.}) 25... Rhh8 (25... f6 26. c3 fxg5 27. cxd4
gxf4 28. Rxc6 $16) 26. Rd3 Ne6 27. Nxe6 Kxe6 28. Rcd1 Rd5 29. c4 Rxd3 30. Rxd3
$16 {This ending is difficult for Black.} a5 31. bxa5 Ra8 32. Ra3 Kf5 33. Kf3
Ra6 $1 34. c5 f6 $2 (34... bxc5 $142) 35. Re3 $1 Rxa5 36. e6 Ra8 37. e7 Re8 38.
a4 Kg6 39. Re6 Kf7 40. Rxc6 $6 (40. f5 $1 {was the right path} Rxe7 41. Rxc6
bxc5 42. a5 $18) 40... Ra8 $1 41. cxb6 cxb6 42. Rxb6 Rxa4 43. Re6 Ke8 44. Re4
Ra3+ 45. Re3 Rxe3+ 46. Kxe3 f5 1/2-1/2

[Event "Lyon m 5'"]
[Site "Lyon"]
[Date "2001.03.10"]
[Round "3"]
[White "Kramnik, Vladimir"]
[Black "Bonnet, Edouard"]
[Result "1-0"]
[WhiteElo "2772"]
[BlackElo "2155"]
[PlyCount "103"]
[EventDate "2001.03.10"]
[EventType "match (blitz)"]
[EventRounds "4"]
[EventCountry "FRA"]
[SourceTitle "CBM 081 Extra"]
[Source "ChessBase"]
[SourceDate "2001.05.06"]
[SourceVersion "1"]
[SourceVersionDate "2001.05.06"]
[SourceQuality "1"]

1. e4 c5 2. Nf3 d6 3. Bb5+ Nd7 4. O-O Ngf6 5. Re1 a6 6. Bf1 g6 7. c3 Bg7 8. d4
O-O 9. Bg5 h6 10. Bh4 b5 11. Nbd2 Bb7 12. h3 e5 13. a4 Qb6 14. d5 c4 15. axb5
axb5 16. Rxa8 Rxa8 17. b3 cxb3 18. Qxb3 Ba6 19. Qb4 Qc5 20. Ra1 Qxb4 21. cxb4
Nb6 22. Ra5 Nfd7 23. Be7 Bf8 24. Bxf8 Kxf8 25. Ne1 Ke7 26. f3 f5 27. Bd3 f4 28.
Nc2 g5 29. Na3 Bb7 30. Rxa8 Bxa8 31. Nxb5 Nb8 32. Nc7 Bb7 33. Nb3 Bc8 34. Na5
Kd8 35. Nb5 Ba6 36. Kf2 Kd7 37. Ke2 Na4 38. Kd2 Nb6 39. Kc3 Ke7 40. Kc2 Kd7 41.
Na7 Bxd3+ 42. Kxd3 Na6 43. N7c6 Kc7 44. Nc4 Nd7 45. Kc3 Ndb8 46. Ne7 Nd7 47.
Nf5 h5 48. Nfxd6 Nb6 49. Nxb6 Kxd6 50. Nc4+ Kd7 51. Nxe5+ Ke7 52. Nd3 1-0

[Event "Amber-rapid 10th"]
[Site "Monte Carlo"]
[Date "2001.03.22"]
[Round "5"]
[White "Kramnik, Vladimir"]
[Black "Almasi, Zoltan"]
[Result "1/2-1/2"]
[WhiteElo "2772"]
[BlackElo "2640"]
[PlyCount "71"]
[EventDate "2001.03.17"]
[EventType "tourn (rapid)"]
[EventRounds "11"]
[EventCountry "MNC"]
[EventCategory "18"]
[SourceTitle "CBM 081 Extra"]
[Source "ChessBase"]
[SourceDate "2001.05.06"]
[SourceVersion "1"]
[SourceVersionDate "2001.05.06"]
[SourceQuality "1"]

1. d4 Nf6 2. c4 e6 3. Nc3 Bb4 4. e3 O-O 5. Bd3 d5 6. cxd5 exd5 7. Nge2 Re8 8.
O-O c5 9. a3 cxd4 10. axb4 dxc3 11. Nxc3 Bg4 12. f3 Bh5 13. Be2 d4 14. Qxd4
Qxd4 15. exd4 Nc6 16. Bb5 a6 17. Bxc6 bxc6 18. Bf4 Bg6 19. Ra5 Red8 20. Rd1 Nd5
21. Nxd5 Rxd5 22. Rc5 Rxc5 23. bxc5 Bc2 24. Re1 Bb3 25. Re7 h6 26. h4 a5 27.
Kf2 a4 28. Kg3 Bd5 29. Bc1 Rb8 30. Kf2 Rb4 31. Re8+ Kh7 32. Ke3 Rb3+ 33. Kd2
Rb4 34. Kd3 Rb3+ 35. Kc2 Rb4 36. Kd3 1/2-1/2

[Event "Zuerich Kortschnoj-B"]
[Site "Zuerich"]
[Date "2001.04.28"]
[Round "1"]
[White "Hug, Werner"]
[Black "Kramnik, Vladimir"]
[Result "0-1"]
[WhiteElo "2470"]
[BlackElo "2802"]
[Annotator "Hecht,H"]
[PlyCount "102"]
[EventDate "2001.04.28"]
[EventType "tourn"]
[EventRounds "5"]
[EventCountry "SUI"]
[EventCategory "15"]
[SourceTitle "CBM 083"]
[Source "ChessBase"]
[SourceDate "2001.07.05"]
[SourceVersion "1"]
[SourceVersionDate "2001.07.05"]
[SourceQuality "1"]

1. Nf3 c5 2. g3 Nc6 3. Bg2 g6 4. c3 Bg7 5. d4 cxd4 6. cxd4 d5 7. O-O e6 8. Nc3
Nge7 9. e3 O-O 10. b3 b6 11. Qe2 a5 12. Rd1 Ba6 13. Qd2 Nf5 14. Bf1 Bxf1 15.
Kxf1 Qd7 16. Ba3 Rfc8 17. Rac1 Rab8 18. Qe2 Nb4 19. Bxb4 axb4 20. Na4 Nd6 21.
Nd2 Rc6 22. Nb2 Ra8 23. Nd3 Rxc1 24. Rxc1 Rxa2 25. Nxb4 Ra3 26. Kg2 Bf8 27. Nd3
Qb5 28. Rc2 Ne4 29. Nxe4 dxe4 30. Nc1 Qxe2 31. Rxe2 Ra1 {[#] Weiß laboriert an
seinem schlechten Springer und würde ihn wohl gern unter Bauernverlust und
Übergang ins Turmendspiel abtauschen.} 32. Rc2 (32. Na2 $5 f5 33. Rc2 Rb1 34.
b4 {und der Übergang ins Turmendspiel wäre nicht das schlechteste für Weiß.})
32... Rb1 33. Rc6 b5 (33... Ba3 34. Ne2 Rxb3 35. g4 $132 {[%csl Re4][%cal
Ge2g3]}) 34. g4 Rb2 35. Kg3 Bb4 36. Kf4 f5 37. g5 $2 (37. Ke5 $142 Rxf2 (37...
Kf7 38. Rxe6 Rc2 39. gxf5 gxf5 40. Rf6+ Ke8 41. Rxf5 Rxc1 42. Kxe4 $14) 38.
Kxe6 fxg4 39. Ke5 Rxh2 40. Kxe4 g3 41. Kf3 Be1 $19 {[%cal Rh2d2,Rg3g2]}) 37...
Rxf2+ (37... Rc2 $1 {[%csl Rc1,Rf4]} 38. Rxc2 Bd6#) 38. Ke5 Kf7 39. h4 Be7 40.
Ra6 Rf3 41. Ne2 Rxe3 42. Nf4 Rxb3 43. Rxe6 e3 44. Kd5 b4 45. Rb6 Rb2 46. Nd3 e2
47. Re6 (47. Ne5+ Kg8 (47... Ke8 48. Rb8+ Bd8 49. Nc6 e1=Q 50. Rxd8+ Kf7 51.
Ne5+ Qxe5+ 52. Kxe5 Re2+ 53. Kd6 $13) 48. Rb8+ Bf8 $19) 47... Ra2 48. Ne5+ Kf8
49. Nd7+ Ke8 50. Nf6+ Kf7 51. Nxh7 Ra5+ 0-1

[Event "Zuerich Kortschnoj-B"]
[Site "Zuerich"]
[Date "2001.04.28"]
[Round "3"]
[White "Kramnik, Vladimir"]
[Black "Svidler, Peter"]
[Result "1/2-1/2"]
[WhiteElo "2802"]
[BlackElo "2695"]
[PlyCount "58"]
[EventDate "2001.04.28"]
[EventType "tourn"]
[EventRounds "5"]
[EventCountry "SUI"]
[EventCategory "15"]
[SourceTitle "CBM 083"]
[Source "ChessBase"]
[SourceDate "2001.07.05"]
[SourceVersion "1"]
[SourceVersionDate "2001.07.05"]
[SourceQuality "1"]

1. d4 Nf6 2. c4 g6 3. Nc3 d5 4. cxd5 Nxd5 5. e4 Nxc3 6. bxc3 Bg7 7. Nf3 c5 8.
Rb1 O-O 9. Be2 cxd4 10. cxd4 Qa5+ 11. Bd2 Qxa2 12. O-O Bg4 13. Bg5 h6 14. Be3
Nc6 15. d5 Bxf3 16. Bxf3 Ne5 17. Rxb7 a5 18. Rxe7 a4 19. Bd4 Nxf3+ 20. gxf3
Bxd4 21. Qxd4 a3 22. d6 Qe2 23. Kg2 a2 24. Ra1 Rab8 25. d7 Rb1 26. d8=Q Qf1+
27. Kg3 Qg1+ 28. Kh3 Qf1+ 29. Kg3 Qg1+ 1/2-1/2

[Event "Zuerich Kortschnoj KO"]
[Site "Zuerich"]
[Date "2001.04.29"]
[Round "1.1"]
[White "Unzicker, Wolfgang"]
[Black "Kramnik, Vladimir"]
[Result "0-1"]
[WhiteElo "2432"]
[BlackElo "2797"]
[Annotator "Rabinovich,Al"]
[PlyCount "88"]
[EventDate "2001.04.29"]
[EventType "k.o. (rapid)"]
[EventRounds "3"]
[EventCountry "SUI"]
[SourceTitle "CBM 083"]
[Source "ChessBase"]
[SourceDate "2001.07.05"]
[SourceVersion "1"]
[SourceVersionDate "2001.07.05"]
[SourceQuality "1"]

1. d4 Nf6 2. c4 e6 3. Nf3 b6 4. g3 Ba6 5. b3 Bb4+ 6. Bd2 Be7 7. Bg2 d5 8. Nc3
$6 {Rare continuation.8.cd5 is clearly better chance for white to fight for
opening advantage.The move in the text gives white at least nothing from the
opening.White finds himself uncapble to defend the c4-pawn and forced to
exchange on d5,after what black is ready to open the c-file and has a
promising position.} (8. cxd5 exd5 9. O-O O-O 10. Ne5 Ne4 11. Be3 Bb7 12. Qc2
Bf6 13. Nd2 Nxd2 14. Qxd2 Nd7 15. Nd3 Re8 16. Rac1 Nf8 17. Rc2 a5 18. h4 $14 {
[%cal Gf1c1,Gc1c7] 1-0 Pushkov,N-Loginov,V/Elista RUS 2001/The Week in Chess
339 (54)}) (8. Ne5 O-O 9. O-O Bb7 10. Bc3 Na6 11. Bb2 c5 12. cxd5 Nxd5 13. Nc3
Nxc3 14. Bxc3 Bxg2 15. Kxg2 Qd5+ 16. Nf3 Bf6 17. Qd3 $1 {[%cal Ge2e4]} Qb7 18.
dxc5 Nxc5 19. Qe3 $11 {1/2-1/2 Bykhovsky,A-Psakhis,L/Ramat Aviv ISR 2000 (26)})
8... c6 $1 {Very presice move.After 8...0-0 white can play 9.cd5 and enter the
8.cd5 variation.} 9. Ne5 (9. O-O Nbd7 10. Qc2 Rc8 (10... dxc4 $5 $15) 11. e4
dxc4 12. Rfd1 O-O 13. Bf4 h6 14. h3 Bb4 15. Nd2 b5 16. bxc4 bxc4 17. a3 Be7 18.
Na4 c5 19. d5 exd5 20. exd5 $13 {1-0 Shariyazdanov,A-Prasad,D/Guntur, AP 2000/
CBM 77 (59)}) 9... Nfd7 10. Nxd7 Nxd7 (10... Qxd7 $5 11. cxd5 cxd5 {[%cal
Gb8c6]}) 11. O-O (11. Rc1 Rc8 12. e4 $6 (12. cxd5 $5 {The game,probably.})
12... dxc4 13. Qe2 (13. bxc4 Bxc4 (13... e5 $5 $36) 14. Qa4 b5 15. Qxa7 c5 $17
{[%csl Ra7]}) 13... Nb8 $1 {Very nice move,holding an extra pawn.} 14. bxc4
Qxd4 15. Nb1 $17 {0-1 James,D-Rowson,J/Birmingham ENG 2001/The Week in Chess 
(26)}) 11... Rc8 {[%cal Gd5c4] Forcing white to exchange on d5.} 12. cxd5 cxd5
$15 {[%csl Rg2] Really harmless line for black.} 13. a4 $6 {[%csl Rb3,Rb4]} (
13. a3 $142 O-O 14. Re1 Nf6 15. b4 Bc4 16. Bf4 $11) 13... Nf6 14. Rc1 O-O 15.
Re1 (15. Bg5 h6 16. Bxf6 Bxf6 17. Qd2 Qe7 $17 {[%csl Rb3][%cal Ge7b4,Gb4d4,
Gb4b3,Gb4a3]}) 15... Qd7 16. Rc2 Rc6 17. Na2 (17. Qb1 Rfc8 18. b4 Rc4 19. b5
Bb7 $17 {[%cal Gc4d4,Gf6e4,Ge7b4,Gb4a3] The pin is very unpleasant for white.})
17... Rxc2 18. Qxc2 Rc8 {Black pieces take control all over the board.The B on
g2 which is usually one of white active pieces ,is out of the game.In addition
to that black controls the c-file and his bishops are placed very well.} 19.
Qb1 Ne4 $1 $17 20. Bxe4 $6 {White exepts the sacrafise.Black easily returns
the pawn and entering the winning ending.} (20. Bf4 $142 Bf6 21. Be5 Bxe5 22.
dxe5 Nc3 23. Nxc3 Rxc3 $17 {[%csl Rb3,Re5,Rg2]}) 20... dxe4 21. Qxe4 Bb7 22.
Qd3 Rd8 23. Be3 (23. Nb4 Qxd4 24. Qxd4 Rxd4 25. Nd3 Be4 $17 {[%csl Ge4,Ge7]})
23... e5 $17 24. d5 $6 (24. Rc1 exd4 25. Bf4 Bc6 {[%cal Gd7d5,Gf2f3,Gc6a4,
Gd5a2]} 26. f3 {With chances to hold the position.}) 24... Qxd5 25. Qxd5 Bxd5
26. Rb1 (26. Nc1 {[%cal Ge1d1]} Be6 $19 {[%cal Gd8c8,Gc8c3,Gc3c2]}) 26... Be4
27. Ra1 Bc2 28. b4 Rd1+ (28... Bxa4 $2 29. Nc3 Be8 30. Rxa7 Bxb4 31. Bxb6 Rd2
32. Ra8 Kf8 33. e4 $1 $11) 29. Rxd1 Bxd1 30. a5 {White prefers to loose the
pawn,but to leave pawns only on the K-side.} (30. Nc3 Bb3 31. b5 Bb4 32. Bd2 f6
$19 {[%cal Gg8f7,Gf7e6,Gb4c3,Gb3a4,Ga4b5]}) 30... Bxe2 31. axb6 axb6 32. Nc3
Bc4 33. b5 Bb4 34. Na4 Bxb5 35. Nxb6 f6 $19 {Now it is just the question of
technic.Black has a pare of bishops and an extra pawn,it is clearly enough.The
only thing black should be aware of is not to exchange too many pawns.} 36. Nd5
Bd6 37. Bd2 (37. f4 $142) 37... Kf7 38. Bb4 Bb8 39. Ba5 {White is trying by
force to exchange the dark-square bishops,that can make his difence easier,but
he falls in to the trap....} Bc4 40. Bc7 $4 (40. Ne3 $142 {And hope for
opponent mistakes.}) {[%tqu "En","Should black play 40...Ba7 or may be black
has something better?","","","b8c7","Very nice.Now white knight is in the trap.
",10]} 40... Bxc7 41. Nxc7 Ke7 {[%csl Ga6,Gb5,Gc4,Gd5,Ge6]} 42. Na8 Kd6 43. Nb6
Bb3 {[%csl Ga4,Gc4,Gd5]} 44. f3 (44. Nc8+ Kd7 45. Na7 {[%cal Gb3c4,Gb3a4]} Ba4
{[%csl Gb5,Gc6]} 46. f4 Kc7 $19 {[%csl Ra7][%cal Gc7b7]}) 44... Kc7 0-1

[Event "Zuerich Kortschnoj KO"]
[Site "Zuerich"]
[Date "2001.04.29"]
[Round "2.2"]
[White "Kramnik, Vladimir"]
[Black "Piket, Jeroen"]
[Result "1-0"]
[WhiteElo "2797"]
[BlackElo "2628"]
[Annotator "Stohl,I"]
[PlyCount "89"]
[EventDate "2001.04.29"]
[EventType "k.o. (rapid)"]
[EventRounds "3"]
[EventCountry "SUI"]
[SourceTitle "CBM 083"]
[Source "ChessBase"]
[SourceDate "2001.07.05"]
[SourceVersion "1"]
[SourceVersionDate "2001.07.05"]
[SourceQuality "1"]

1. d4 Nf6 2. c4 c5 3. d5 e5 4. Nc3 d6 5. e4 g6 {A passive system, if allowed
Black plans h5 and Bh6, exchanging his bad B. But this costs time and doesn't
fully compensate the weakening of Black's >>, as well as White's () and
chances to play on both flanks.} ({More usual is} 5... Be7 {later Black can
return to idea of the B-swap with 0-0, Ne8 and Bg5.}) 6. Be2 {White has more
than one way to get a comfortable position.} (6. Bd3 h5 $6 (6... Bg7 $142) 7.
Nge2 Bh6 8. Bxh6 Rxh6 9. Qd2 Rh8 10. O-O-O a6 11. Kb1 Qe7 12. Rdf1 Nbd7 13. g3
b6 14. Bc2 $1 Bb7 15. Ba4 O-O-O 16. Nc1 $1 h4 17. Nd3 Rh7 18. f4 hxg3 19. hxg3
Rdh8 20. Rxh7 Rxh7 21. Qe2 Kc7 22. Qf3 Ne8 23. Bxd7 Kxd7 24. fxe5 dxe5 25. b4
$1 cxb4 26. Na4 $40 {Stohl,I-Robatsch,K/AUT-chT2/1996/}) 6... a6 (6... h5 7.
Nf3 $142 (7. g3 Bh6 8. f4 (8. Bxh6 Rxh6 9. Qd2 Rh8 10. f4 h4 $132) 8... Nbd7 9.
Nf3 Qe7 10. Qc2 h4 11. Bd2 a6 12. O-O-O exf4 13. gxf4 Nh5 14. e5 Nxf4 15. exd6
Nxe2+ 16. Nxe2 Qxd6 17. Bxh6 Rxh6 18. Qd2 Rh8 19. Nc3 Nf6 20. Nxh4 Bg4 21.
Rde1+ Kf8 $13 {Amura,C-Gonzalez Rodriguez,J/Matanzas/1992/}) 7... Bh6 (7... a6
8. O-O Be7 9. a3 h4 10. b4 Nbd7 11. Ne1 Nh5 12. Nd3 b6 13. Be3 Kf8 14. Rb1 Kg7
15. Qd2 g5 16. g3 Nf8 17. Qd1 $1 $18 {Dely,P-Koberl,F/HUN-ch Budapest/1965/})
8. Bxh6 Rxh6 9. Qd2 Rh8 10. O-O-O {[%cal Yf3e1,Ye1d3] /\Ne1-d3+/=}) ({More
often, but without great practical success Black plays} 6... Nbd7 7. g4 $5 (7.
Bg5 a6 8. a4 Be7 9. Bd2 O-O 10. Bh6 Re8 11. g4 $5 Kh8 12. Bd2 Ng8 13. h4 Bxh4
14. Qc1 Be7 15. a5 Ndf6 16. g5 Nd7 17. Na4 f6 18. gxf6 Ngxf6 19. Qc2 Ng8 20.
Ra3 Bg5 21. Nh3 Bxd2+ 22. Qxd2 $40 {Psakhis,L-Mestel,A/WChT U26 Graz/1981/})
7... h5 8. g5 Nh7 9. h4 Bg7 10. Nb5 Nb6 11. Be3 a6 12. Nc3 Rb8 13. a3 Nd7 14.
b4 b6 15. Rb1 Qc7 16. Bd3 f6 17. Nge2 fxg5 18. hxg5 Qd8 19. Qd2 O-O 20. Kd1 Rf7
21. Kc2 Rb7 22. Ng3 Ndf8 23. Be2 $36 {(),Azmaiparashvili,Z-Pons Sastre,S/
ESP-chT Cala Galdana/1994/}) 7. Bg5 $5 {A clever move, White tries to force
some concessions on the >> or prevent the aforementioned h5, Bh6 plan.} h6 (
7... Bg7 8. Qd2 (8. Nf3 $142 $5 h6 9. Bd2 $14) 8... h6 9. Be3 Ng4 10. Bxg4 Bxg4
11. f3 Bc8 12. h4 $6 (12. g4 $13) 12... f5 13. g3 b5 $1 14. cxb5 axb5 15. Nxb5
fxe4 16. fxe4 Qd7 17. Nc3 Qg4 18. Nge2 Ba6 19. Rg1 Nd7 20. O-O-O Nf6 21. a3 h5
22. Rg2 O-O 23. Re1 Nxe4 24. Nxe4 Qxe4 25. Nc3 Qg4 $17 {Buj,P-Rossetto,H/
Buenos Aires/1958/}) (7... Be7 8. Nf3 O-O 9. Bh6 Re8 10. h3 $14) 8. Be3 h5 9.
Nf3 h4 $6 {Too ambitious.} (9... Bh6 $14 {can lead to a position we've already
mentioned above in the line with 6...h5.}) 10. Bg5 $1 Be7 {Loses a pawn, but
is hardly much worse than} (10... h3 11. g3 $16 {with a clear advantage.}) 11.
Bxh4 Bg4 $6 {Now White just remains with an extra pawn for no compensation.} (
11... Nxe4 $2 12. Bxe7 Nxc3 13. Bxd8 Nxd1 14. Bf6 $18) (11... Nxd5 $142 12.
Qxd5 (12. Nxd5 Bxh4 $13 {[%cal Yb8d4] /\Nc6-d4<=>}) 12... Bxh4 13. Nxe5 $1 Qe7
(13... O-O 14. Nxg6 Bxf2+ $5 15. Kxf2 Be6 16. Qxb7 fxg6+ 17. Ke1 $16) (13...
dxe5 $2 14. Qxe5+ $18) 14. Nf3 Be6 15. Qd2 Nc6 $16 {<=> was a better chance.})
12. Bxf6 Bxf6 13. Nd2 $1 Bc8 $8 {Otherwise Bg4 exchanges the B.} 14. Bg4 Nd7
15. g3 Bg5 16. h4 Bh6 17. Qe2 (17. Bh3 $142 $5 $16 {/+- prevents even the
following move.}) 17... f5 $5 18. Bf3 (18. exf5 $143 Nf6 {/\gf5+/=}) 18... Nf6
19. h5 gxh5 (19... Bxd2+ 20. Kxd2 g5 21. exf5 Bxf5 22. g4 $18) 20. Bxh5+ Kf8
21. Bf3 {White wants to play it safe.} (21. Bg6 $5 fxe4 22. Ndxe4 Kg7 23. Nxf6
Qxf6 24. Bd3 $40 {[%cal Rc3e4,Ye1g2] /\Ne4,Kf1-g2}) 21... Kg7 22. Kf1 f4 $5 {
Black rightly tries to keep the position closed.} (22... Bxd2 23. Rxh8 Qxh8 24.
Qxd2 $16 {/+-}) 23. Kg2 fxg3 (23... Bd7 $142 $1 $16 {/\Qe8-g6 is more in
keeping with the previous move and gives more chances to hold out.}) 24. fxg3
Bd7 25. Nf1 Qe8 26. Ne3 Qg6 (26... Bxe3 27. Qxe3 Qg6 28. Raf1 $16) 27. Nf5+ $1
$40 {[%mdl 1056] White prefers a huge strategical advantage to a material one.
After he returns the pawn in the ^- position his B will be a powerful
attacking piece.} Bxf5 28. exf5 Qxf5 29. Ne4 {[%csl Gf3,Rh6]} Qg6 (29... Nxe4
30. Bxe4 Qg5 31. Rh4 $40 {/\} Qd2 32. Qxd2 Bxd2 33. Rg4+ Kf8 34. Rf1+ Ke8 35.
Rg7 $18) 30. Nxf6 (30. Nxd6 $2 Bf4 $132) 30... Qxf6 31. Be4 Raf8 32. Raf1 Qg5
$8 (32... Qe7 33. Qg4+ Bg5 34. Rxf8 Rxh1 35. Rf5 $18) 33. Rh5 Qd2 $8 {Black's
moves are all forced, but even the _|_ is hopeless.} 34. Qxd2 Bxd2 35. Rxf8
Rxf8 (35... Rxh5 36. Rb8 a5 37. Rxb7+ Kf8 38. Rd7 Rh6 39. Kf3 Ke8 40. Ra7 $18)
36. Rh7+ Kg8 37. Rxb7 Be3 38. Rb6 Rf2+ 39. Kh3 a5 40. Kg4 $1 {The ><d6 won't
run away, White first improves his position.} a4 (40... Rf6 41. Bf5 Kf8 42. Be6
Ke7 43. Ra6 Bd2 44. Ra7+ Ke8 45. Rd7 e4 46. Rxd6 e3 47. Bd7+ $18) 41. a3 Kf7 (
41... Rf6 42. Bc2 $5 $18) 42. Rxd6 $18 Rxb2 43. Ra6 Rb3 44. Kf5 $1 Rxa3 45.
Ra7+ (45. Ra7+ Ke8 (45... Kg8 46. Kg6 Kf8 47. d6 Ke8 48. Bc6+ $18) 46. d6 {
/\Bc6,Ke6+-}) 1-0

[Event "Zuerich Kortschnoj KO"]
[Site "Zuerich"]
[Date "2001.04.29"]
[Round "3.1"]
[White "Kasparov, Garry"]
[Black "Kramnik, Vladimir"]
[Result "1/2-1/2"]
[WhiteElo "2827"]
[BlackElo "2797"]
[Annotator "Wedberg,T"]
[PlyCount "54"]
[EventDate "2001.04.29"]
[EventType "k.o. (rapid)"]
[EventRounds "3"]
[EventCountry "SUI"]
[SourceTitle "CBM 083"]
[Source "ChessBase"]
[SourceDate "2001.07.05"]
[SourceVersion "1"]
[SourceVersionDate "2001.07.05"]
[SourceQuality "1"]

1. e4 e5 2. Nf3 Nc6 3. Bb5 Nf6 4. O-O Nxe4 5. d4 Nd6 6. Bxc6 dxc6 7. dxe5 Nf5
8. Qxd8+ Kxd8 9. Nc3 Bd7 10. Rd1 Kc8 11. Ng5 {Kasparov tries the new idea that
gave Leko a win against Kramnik in Budapest this year.} Be8 12. Nge4 (12. b3 b6
13. Bb2 Be7 14. Nge4 Kb7 15. Rd3 Rd8 16. Rad1 Rxd3 17. Rxd3 h5 18. Bc1 $14 {
1-0 Leko,P-Kramnik,V/Budapest 2001/CBM 81/[Wedberg] (62)}) 12... b6 13. h3 (13.
b3 c5 14. Bb2 Nd4 15. Rd2 Kb7 16. Nd5 Rd8 17. c4 Bc6 18. Bxd4 cxd4 19. Rxd4 Ba3
$13 {0-1 Leko,P-Kramnik,V/Budapest 2001/CBM 81 (56)}) 13... Kb7 14. g4 Ne7 $146
{[%cal Ye7g6,Ye7d5,Gc6c5,Re7c6,Rc6d4][%mdl 8] A more flexible post than h4.} (
14... Nh4 15. f4 c5 16. Kf2 Ng6 17. b3 h6 18. Be3 Bc6 19. Nd5 $16 {1-0 Acs,
P-Cvek,R/Charleville 2000/CBM 79 ext (61)'}) 15. Bf4 (15. f4 c5 16. f5 {
would be nice if it worked, but Black can strike back before it gets in any
way dangerous. In this line it´s quite obvious that the move Rd1 dont mix well
with the idea f4-f5.} Nc6 17. Bf4 Nd4 18. Rac1 h5 $36 {[%csl Rg1][%cal Ye8c6]})
15... h5 16. f3 c5 17. Kf2 Nc6 18. Nd5 Nd4 19. c3 Ne6 20. Bg3 (20. Be3 $2 hxg4
21. hxg4 Rh2+ $17) 20... Bc6 21. Rd2 (21. f4 $5 Rd8 22. c4 $13) 21... hxg4 22.
hxg4 c4 $1 $11 23. Kg2 Rd8 24. Rad1 Ba4 25. Re1 Bc6 26. Red1 Ba4 27. Re1 Bc6
1/2-1/2